Museografía
Na minha lista:
| Principais autores: | , |
|---|---|
| Formato: | Livro |
| Idioma: | Língua italiana |
| Publicado em: |
Roma
Bonsignori
1992
|
| coleção: | Strumenti, 9
|
| Assuntos: | |
| Tags: |
Adicionar Tag
Sem tags, seja o primeiro a adicionar uma tag!
|
MARC
| LEADER | 00000nam a2200000 a 4500 | ||
|---|---|---|---|
| 001 | UCO5240 | ||
| 003 | CL-VaPUC | ||
| 008 | 000825e19920000IT |||||||||||||||||ita|d | ||
| 082 | 0 | 4 | |a 069 |b MIN |2 21 |
| 100 | |a Minissi, Franco |e autor |9 450033 | ||
| 700 | 0 | |a Ranellucci, Sandro |e author |9 450034 | |
| 245 | 1 | 0 | |a Museografía |
| 300 | |a 349 p | ||
| 942 | |c BK | ||
| 945 | |d 20000825 00:00:00 |a vberengu | ||
| 260 | |a Roma |b Bonsignori |c 1992 | ||
| 650 | 0 | |a Arquitectura de museos |9 348047 | |
| 650 | 7 | |a INSTALACIONES DE MUSEOS |2 CL-VaPUC |9 450035 | |
| 650 | 7 | |a MUSEOLOGIA |2 CL-VaPUC |9 449670 | |
| 650 | 0 | |a Museos |9 269209 | |
| 583 | |a last modification |c 20000825 00:00:00 |k Rodrigo Vera | ||
| 490 | 0 | |a Strumenti, 9 | |
| 999 | |c 291184 |d 291182 | ||
| 952 | |0 0 |1 0 |4 0 |6 069_000000000000000_MIN_1992 |7 0 |8 A |9 340951 |a BIBARQ |b BIBARQ |d 2019-11-20 |i 3645096 |o 069 MIN 1992 |p 3645096 |r 2025-01-20 |w 2019-11-20 |y BK |k ARQ | ||